Transboundary risk management / (Record no. 328849)
[ view plain ]
| 000 -LEADER | |
|---|---|
| fixed length control field | 01327cam a22002894a 4500 |
| 001 - CONTROL NUMBER | |
| control field | 12233895 |
| 003 - CONTROL NUMBER IDENTIFIER | |
| control field | Nust |
| 005 - DATE AND TIME OF LATEST TRANSACTION | |
| control field | 20170418104813.0 |
| 008 - FIXED-LENGTH DATA ELEMENTS--GENERAL INFORMATION | |
| fixed length control field | 001117s2001 au a b 001 0 eng |
| 010 ## - LIBRARY OF CONGRESS CONTROL NUMBER | |
| LC control number | 00067274 |
| 020 ## - INTERNATIONAL STANDARD BOOK NUMBER | |
| International Standard Book Number | 1853835374 (pbk.) |
| 040 ## - CATALOGING SOURCE | |
| Original cataloging agency | DLC |
| Transcribing agency | DLC |
| 042 ## - AUTHENTICATION CODE | |
| Authentication code | pcc |
| 043 ## - GEOGRAPHIC AREA CODE | |
| Geographic area code | e------ |
| 050 00 - LIBRARY OF CONGRESS CALL NUMBER | |
| Classification number | GE160.E85 |
| Item number | T73 2001 |
| 082 00 - DEWEY DECIMAL CLASSIFICATION NUMBER | |
| Classification number | 363.7094 JOA |
| Edition number | 21 |
| 245 00 - TITLE STATEMENT | |
| Title | Transboundary risk management / |
| Statement of responsibility, etc. | Edited by Joanne Linnerooth-Bayer, Ragnar E. Löfstedt, and Gunnar Sjöstedt. |
| 260 ## - PUBLICATION, DISTRIBUTION, ETC. | |
| Place of publication, distribution, etc. | Laxenburg, Austria : |
| Name of publisher, distributor, etc. | International Institute for Applied Systems Analysis ; |
| Place of publication, distribution, etc. | London ; |
| -- | Sterling, VA : |
| Name of publisher, distributor, etc. | Earthscan Publications, |
| Date of publication, distribution, etc. | 2001. |
| 300 ## - PHYSICAL DESCRIPTION | |
| Extent | xiv, 338 p. : |
| Other physical details | ill. ; |
| Dimensions | 24 cm. |
| 440 #0 - SERIES STATEMENT/ADDED ENTRY--TITLE | |
| Title | Risk, society, and policy series |
| 500 ## - GENERAL NOTE | |
| General note | H.B |
| 504 ## - BIBLIOGRAPHY, ETC. NOTE | |
| Bibliography, etc. note | Includes bibliographical references and index. |
| 650 #0 - SUBJECT ADDED ENTRY--TOPICAL TERM | |
| Topical term or geographic name entry element | Environmental risk assessment |
| Geographic subdivision | Europe. |
| 700 1# - ADDED ENTRY--PERSONAL NAME | |
| Personal name | Linnerooth-Bayer, Joanne, |
| Dates associated with a name | 1947- |
| 700 1# - ADDED ENTRY--PERSONAL NAME | |
| Personal name | Löfstedt, Ragnar. |
| 700 1# - ADDED ENTRY--PERSONAL NAME | |
| Personal name | Sjöstedt, Gunnar. |
| 906 ## - LOCAL DATA ELEMENT F, LDF (RLIN) | |
| a | 7 |
| b | cbc |
| c | orignew |
| d | 1 |
| e | ocip |
| f | 20 |
| g | y-gencatlg |
| 942 ## - ADDED ENTRY ELEMENTS (KOHA) | |
| Source of classification or shelving scheme | |
| Koha item type | Book |
| Call number prefix | 363.7094 JOA |
| Withdrawn status | Lost status | Source of classification or shelving scheme | Damaged status | Not for loan | Collection code | Permanent Location | Current Location | Shelving location | Date acquired | Total Checkouts | Full call number | Barcode | Date last seen | Price effective from | Koha item type |
|---|---|---|---|---|---|---|---|---|---|---|---|---|---|---|---|
| Institute of Environmental Science and Engineering (IESE) | Institute of Environmental Science and Engineering (IESE) | General Stacks | 04/18/2017 | 363.7094 JOA | IESE-1197 | 04/18/2017 | 04/18/2017 | Book |
